Biblia sacra: iuxta vulgatam clementinam
Gardado en:
| Formato: | Libro |
|---|---|
| Idioma: | latín |
| Publicado: |
Madrid
Biblioteca de Autores Cristianos
1953
|
| Series: | Biblioteca de Autores Cristianos
|
| Subjects: | |
| Tags: |
Engadir etiqueta
Sen Etiquetas, Sexa o primeiro en etiquetar este rexistro!
|
MARC
| LEADER | 00000nam a2200000 a 4500 | ||
|---|---|---|---|
| 001 | UCL4470 | ||
| 003 | CL-VaPUC | ||
| 008 | 040116e19530000SP |||||||||||||||||lat|d | ||
| 082 | 0 | 4 | |a 220 |b BIB |2 21 |
| 245 | 1 | 0 | |a Biblia sacra: iuxta vulgatam clementinam |
| 300 | |a 1592 p | ||
| 942 | |c BK | ||
| 945 | |d 20040116 00:00:00 |a vberengu | ||
| 260 | |a Madrid |b Biblioteca de Autores Cristianos |c 1953 | ||
| 650 | 0 | |a Textos sagrados |9 257605 | |
| 650 | 0 | |a Biblia |9 257603 | |
| 650 | 0 | |a Nuevo testamento |9 257604 | |
| 650 | 0 | |a Antiguo testamento |9 313678 | |
| 650 | 0 | |a Epístolas |9 321181 | |
| 583 | |a last modification |c 20040116 00:00:00 |k Rodrigo Vera | ||
| 490 | 0 | |a Biblioteca de Autores Cristianos | |
| 999 | |c 307298 |d 307296 | ||
| 952 | |0 0 |1 0 |4 0 |6 220_000000000000000_BIB_1953 |7 0 |8 A |9 373133 |a BIBTEO |b BIBTEO |d 2019-11-21 |i 2103338 |l 1 |o 220 BIB 1953 |p 2103338 |r 2025-01-17 |s 2024-03-07 |w 2019-11-21 |y BK |k ICR | ||